Geboren in Mainz - Statistiken

Allgemein
  • Dieses Quiz wurde 121 mal gespielt
    29 seit der letzten Aktualisierung
  • Das Durchschnittsergebnis liegt bei 6 aus 24
Antwortstatistiken
Hinweis Antwort % Korrekt
Erfinder des Buchdrucks und Namensgeber der Mainzer Universität 1397 Johannes Gutenberg
100%
Zwillinge, bekannt durch ihren YouTube Kanal "Die Lochis" und als Musik-Duo "HE/RO" 1999 Heiko & Roman Lochmann
48%
Fußballmanager des 1. FSV Mainz 05 1963 Christian Heidel
41%
Showmaster und Sänger, "Zum Blauen Bock" 1924 Heinz Schenk
37%
Gründer des berühmten Hotels Adlon in Berlin 1921 Lorenz Adlon
37%
Weltmeister und Europameister im Zehnkampf 1998 Niklas Kaul
33%
Brauer und Mitgründer von Anheuser-Busch 1839 Adolphus Busch
26%
Schriftstellerin, "Das Siebte Kreuz" 1900 Anna Seghers
26%
österreichischer Formel 1 Weltmeister 1942 Jochen Rindt
26%
Wirtschaftsminister von Rheinland-Pfalz, SPD-Politiker und früherer Oberbürgermeister von Mainz 1967 Michael Ebling
26%
Fußballer, 1.FSV Mainz 05 2005 Nelson Weiper
22%
Fuballtrainer, New York Red Bulls (Hertha BSC, Mainz und Dynamo Moskau) 1978 Sandro Schwarz
22%
Fußballnationaltrainer des Kosovo und früherer österreichischer Nationaltrainer, Trainer des 1. FC Kaiserslautern und Sturm Graz 1966 Franco Foda
19%
Europameister im Speerwurf 2022 1994 Julian Weber
19%
Intendant des ZDF seit 2022 1971 Norbert Himmler
19%
Fußballnationalspieler, RB Leipzig 1998 Ridle Baku
19%
Schachspieler und jüngster deutscher Großmeister 2004 Vincent Keymer
19%
SPD-Politiker und Bundesfinanzminister von November 2024 bis Mai 2025 1968 Jörg Kukies
15%
Schriftstellerin, "22 Bahnen" "Windstärke 17" "Die Assistentin" 1995 Caroline Wahl
11%
kroatischer Fußballnationalspieler, Atalanta Bergamo 1995 Mario Pasalic
11%
erster Vorsitzender der Europäischen Wirtschaftsgemeinschaft 1901 Walter Hallstein
11%
ZDF-Journalist und Moderator des "Politbarometer" 1963 Matthias Fornoff
7%
Schauspielerin, "Undine" "Frantz" 1995 Paula Beer
7%
ehemalige Fußballnationalspielerin und heutige Fernsehexpertin 1989 Josephine Henning
4%
Keine übereinstimmenden Quizze gefunden
Verteilung der Resultate
Anzahl Personen mit jedem Resultat
Perzentil nach korrekt beantworteten Fragen
Ihre Resultats-Entwicklung
Sie haben dieses Quiz seit der letzten Aktualisierung nicht gespielt